000 00290nam a2200109Ia 4500
008 220204s9999 xx 000 0 und d
082 _a546.3
_bMEL
245 0 _aDetermination of gaseous elements in metals
260 _aNew York
_bJohn Wiley
_c1974
700 _aMelnick, Laben M
942 _cBK
999 _c25659
_d25659